000 00548nam a2200217Ia 4500
003 OSt
005 20221005123732.0
006 a|||||r|||| 00| 0
007 ta
008 221004b |||||||| |||| 00| 0 mar d
024 _a46018
037 _cTextual
040 _aCRL
_cCRL
_bmar
041 _2mar
_amar
082 _aV238, 155N4
100 _aKhoberkar V.G.
_9634149
245 0 _aMaharastiyatil swatantya landey
650 _aHISTORY
942 _hV238, 155N4
_cTEXL
_2cc
999 _c1048321
_d1048321